Bilecik Bilecik Bilecik Bilecik Bilecik

Johannes Kepler yeni gökbilim = (Record no. 23917)

MARC details
000 -BAŞLIK
Sabit Uzunluktaki Kontrol Alanı 01135nam a22003497a 4500
001 - KONTROL NUMARASI
Control Dosyası 0023964
003 - KONTROL NUMARASI KİMLİĞİ
Kontrol Alanı KOHA_MİRAKIL
005 - EN SON İŞLEM TARİHİ ve ZAMANI
Kontrol Alanı 20260207002425.0
007 - FİZİKSEL TANIM SABİT ALAN - GENEL BİLGİ
Sabit uzunluklu kontrol alanı ta
008 - SABİT UZUNLUKTAKİ VERİ ÖGELERİ - GENEL BİLGİ
Sabit Alan 101105b2002 tu a|||gr||||#||||0|tur |
020 ## - ISBN - ULUSLARARASI STANDART KİTAP NUMARASI
Isbn 9754032564
Kullanılabilirlik koşulları 0,01
040 ## - KATALOGLAMA KAYNAĞI
Özgün Kataloglama Kurumu TR-BiSEU
Kataloglama Dili tur
Çeviri Kurumu TR-BiSEU
Açıklama Kuralları rda
041 0# - DİL KODU
Metin ya da ses kaydının dil kodu tur
044 ## - YAYINLAYAN/ÜRETEN KURULUŞUN ÜLKE KODU
ISO country code tu
050 ## - SINIFLAMA ve YER NUMARASI
Sınıflama Numarası QB43.2
Yer Numarası .V64 2002
100 1# - KİŞİ ADI
Yazar Adı (Kişi adı) Voelkel, James R..
240 10 - TEK BİÇİM BAŞLIK
Tekbiçim Başlık <a href="And the new astronomy">And the new astronomy</a>
Language of a work Türkçe
245 1# - ESER ADI BİLDİRİMİ
Başlık Johannes Kepler yeni gökbilim =
Alt Eseradı vb. And the new astronomy/
Sorumluluk Bildirimi James R. Voelkel ; James R. Voelkel ; çev. Nur Özlük.
264 #1 - ÜRERİM, YAYIN, DAĞITIM ve TELİF BİLDİRİMİ
Yayın yeri Ankara :
Yayınlayan TÜBITAK
Yayın tarihi 2002
300 ## - FİZİKSEL TANIMLAMA
Sayfa, Cilt vb. 150 sayfa :
Diğer fiziki detaylar resimli ;
Boyutları 21 cm.
336 ## - İÇERİK TÜRÜ
Content type term metin
Content type code txt
Source rdacontent
337 ## - MEDYA TÜRÜ
Media type term aracısız
Media type code n
Source rdamedia
338 ## - TAŞIYICI TÜRÜ
Carrier type term cilt
Carrier type code nc
Source rdacarrier
490 1# - DİZİ BİLDİRİMİ
Dizi Bildirimi TÜBITAK Popüler Bilim Kitapları ;
Cilt Numarası 164.
490 1# - DİZİ BİLDİRİMİ
Dizi Bildirimi Yaşamöyküsü Dizisi ;
Cilt Numarası 3.
500 ## - GENEL NOT
Genel Not Dizin var.
650 #0 - KONU BAŞLIĞI EK GİRİŞ - KONU TERİMİ
Konusal terim veya coğrafi ad Astronomy.
9 (RLIN) 8783
650 #0 - KONU BAŞLIĞI EK GİRİŞ - KONU TERİMİ
Konusal terim veya coğrafi ad Kepler, Johannes, 1571-1630.
9 (RLIN) 49153
830 1# - SERİ EK GİRİŞİ - TEKBİÇİM ESER ADI
Tekbiçim Başlık TÜBITAK Popüler Bilim Kitapları ;
Volume number/sequential designation 164.
9 (RLIN) 49154
830 1# - SERİ EK GİRİŞİ - TEKBİÇİM ESER ADI
Tekbiçim Başlık Yaşamöyküsü Dizisi ;
Volume number/sequential designation 3.
9 (RLIN) 49155
942 ## - EK GİRİŞ ÖGELERİ (KOHA)
Source of classification or shelving scheme Library of Congress Classification
Koha item type Book
Holdings
Materyal Türü Kalıcı Konum Mevcut Konum Raf Yeri Sınıflandırma Kaynağı Edinim Bilgisi Ana Konular Alt Konular Yer Numarası Demirbaş Numarası Fatura Tarihi Geri Çekilme Durumu Kayıp Durumu Hasarlı Durumu Kredi için değil Kayıt Tarih Toplam Ödünçverme Son Görülme Tarihi Son Kontrol Tarihi Genel / Bağış Notu
Book Prof. Dr. Azmi Özcan Kütüphanesi Prof. Dr. Azmi Özcan Kütüphanesi Birûni Salonu Library of Congress Classification Bağış BİLİM Astronomi QB43.2 .V64 2002 0023964 02/02/2026         05/11/2010 4 05/12/2024 05/12/2024 Genel Bağış